| 000 | 01513ncm0a2200349 4500 | ||
|---|---|---|---|
| 001 | RU\NLR\ONIZ\212619 | ||
| 005 | 20250624195747.0 | ||
| 035 | _a(NLR Aleph) 010892138 | ||
| 090 |
_a10560049 _c10560049 |
||
| 100 | _a20150910d2007 |||y0rusy50 ca | ||
| 101 | 0 | _arus | |
| 102 | _aRU | ||
| 125 | _aax | ||
| 200 | 1 |
_aВремена года _bНоты _e12 характер. пьес для фп. _fП. И. Чайковский _gперелож. для анс. рус. нар. инстр. В. Глазунова |
|
| 208 | _aПартитура | ||
| 210 |
_aСанкт-Петербург _cГармония _d2007 |
||
| 215 |
_a136 с. _cил. _d20 см _eCD |
||
| 606 | 1 |
_aАнсамбли русских народных инструментов _xОбработки _jНоты _2nlr_sh |
|
| 686 |
_aЩ952.19(2Р=Рус)-095-054(28)П _vLBC/SL _2rubbk |
||
| 700 | 1 |
_9z01790 _aЧайковский _bП. И. _f1840-1893 _gПетр Ильич _4230 _7ca |
|
| 702 | 1 |
_9z03790 _aГлазунов _bВ. И. _gВячеслав Иванович _4030 |
|
| 712 | 0 | 2 |
_aАнсамбль русских народных инструментов Вячеслава Глазунова _4590 |
| 790 | 1 |
_9z01700 _aChajkovskij _bP. I. _f1840-1893 _gPyotr Il`ich _4230 |
|
| 790 | 1 |
_9z03702 _aGlazunov _bV. _gVyacheslav _4030 |
|
| 801 | 0 |
_aRU _bNLR _c20150910 _gPSBO |
|
| 801 | 1 |
_aRU _bNLR _c20150910 _2rusmarc |
|
| 801 | 2 |
_aRU _bNLR _c20151110 |
|
| 852 |
_aNLR _bМ _j985-2/18 _p281031 _t1 |
||
| 942 | _cSCORE | ||
| 980 | _aNB | ||
| 980 | _aONIZ | ||